MARC

LEADER 00000nam0a2200000 4500
001 135692
005 20231031140206.0
010 |a 5203008299 
020 |a RU  |b 90-31598 
035 |a (RuTPU)RU\TPU\book\147055 
090 |a 135692 
100 |a 20080414d1990 m y0rusy5003 ca 
101 0 |a rus 
102 |a RU 
105 |a a z 000ay 
200 1 |a Лебединая песня  |e Документальная повесть   |f О. А. Горчаков 
210 |a Москва  |c Воениздат  |d 1990 
215 |a 237,[2] с.  |c ил.  |d 17 см 
225 1 |a Б-ка юного патриота. О Родине, подвигах, чести 
600 1 |a Морозова  |b Анна Афанасьевна 
610 1 |a партизанское движение 
610 1 |a Великая Отечественная война 1941-1945 
610 1 |a повести 
610 1 |a партизаны 
686 |a Т3(2)72  |2 rugasnti 
700 1 |a Горчаков  |b О. А.  |g Овидий Александрович  |4 070 
801 0 |a RU  |b RuMRKP  |c 19950417  |g psbo 
801 1 |a RU  |b 63413507  |c 20080414  |g PSBO 
801 2 |a RU  |b 63413507  |c 20140220  |g PSBO 
942 |c BK